| 000 | 00736nam a2200253 a 4500 | ||
|---|---|---|---|
| 001 | BRL_1126 | ||
| 005 | 20190320211039.0 | ||
| 008 | 141113s1970----mx-#######---#000-0#spa-# | ||
| 041 | _aspa | ||
| 044 | _amx | ||
| 050 | 4 |
_aGN34.7 _b.A58 1970 |
|
| 245 | 1 | 0 |
_aDe eso que llaman antropología mexicana _cArturo Warman...[et al.] |
| 260 |
_aMéxico, D.F. _bNuestro Tiempo _c1970 |
||
| 300 |
_a153 p. _c19 cm. |
||
| 440 | 0 |
_aLa Cultura al Pueblo _925861 |
|
| 500 | _aAu1310 | ||
| 650 | 1 | 4 |
_aEtnología _xEstudio y enseñanza _925862 |
| 650 | 1 | 4 |
_aAntropología aplicada _925863 |
| 650 | 1 | 4 |
_aEtnología _zMéxico _923472 |
| 700 | 1 |
_aWarman, Arturo _925864 |
|
| 700 | 1 |
_aNolasco Armas, Margarita _925865 |
|
| 902 | _aGRL | ||
| 942 |
_2lcc _cB |
||
| 999 |
_c9938 _d9938 |
||